00169nam a2200073Ia 4500008004100000100000900041245001700050260002800067190216s9999||||xx |||||||||||||| ||und|| aNull 0aHindi-Amitha bOxford University Press